Riconosci lo Stato - Quiz n°88 - Statistics

Statistiche generali
  • Questo quiz è stato fatto 49 volte
  • Il punteggio medio è 9 su 13
Statistiche sulle risposte
Indizio Risposta % Corretto
Iniziale della Capitale B
92%
Valuta Manat
79%
Indipendenza dall'Unione Sovietica:
30 agosto 1991 (dichiarata)
18 ottobre 1991 (riconosciuta)
25 dicembre 1991 (effettiva)
74%
Popolazione 10 095 900 ab.
72%
Superficie 86 600 km²
72%
Primo ministro Əli Əsədov
72%
Fuso Orario UTC+4
69%
Presidente della Repubblica İlham Əliyev
67%
Forma di Governo Repubblica semipresidenziale
64%
PIL (nominale) 87 763 milioni di $
62%
ISU 0,745
56%
Tasso di crescita 1,017%
56%
Risposta Azerbaigian
49%
Nessun quiz corrispondente trovato
Distribuzione punteggi
Percentuale di utenti per punteggio
Percentile per numero di risposta
I tuoi punteggi nel tempo
Non hai fatto questo quiz